|
|
|
|
| LEADER |
00994ncm a22002892a 4500 |
| 001 |
001136680 |
| 003 |
CZ BrMZK |
| 005 |
20110126140833.0 |
| 007 |
qu |
| 008 |
110126s1947 xo |||||||||||||||||slo d |
| 040 |
|
|
|a BOA001
|b cze
|
| 072 |
|
7 |
|a 784
|x Vokální hudba
|2 Konspekt
|9 9
|
| 100 |
1 |
|
|a Jurovský, Šimon,
|d 1912-1963
|7 xx0011763
|4 cmp
|
| 245 |
1 |
0 |
|a Hradská je vysypaná
|h [hudebnina] ;
|b Idú chlapci, idú ; Zvädla ruža ; Aj, vy páni /
|c Š. Jurovský ; zredigoval Bohuslav Valašťan
|
| 260 |
|
|
|a Turčianský Svätý Martin :
|b Matica slovenská,
|c 1947
|
| 300 |
|
|
|a [4 s.]
|
| 490 |
1 |
|
|a Varyto ;
|v 5
|
| 500 |
|
|
|a Partitura
|
| 700 |
1 |
|
|a Valašťan, Bohuslav,
|d 1918-1975
|7 kup20000000105412
|4 edt
|
| 740 |
0 |
2 |
|a Idú chlapci, idú
|
| 740 |
0 |
2 |
|a Zvädla ruža
|
| 740 |
0 |
2 |
|a Aj, vy páni
|
| 830 |
|
0 |
|a Varyto
|
| 910 |
|
|
|a BOA001
|b Mus1-0184.601,5
|
| 990 |
|
|
|a MU
|
| 991 |
|
|
|b 201101
|
| 996 |
6 |
|
|b 2619354675
|c Mus1-0184.601,5
|l MZK
|r Sklad / do 1 hodiny
|n 0
|w 001166736
|u 000010
|a 1
|e BOA001
|j MZK50
|s P
|